000 00684nam a2200289Ia 4500
005 20260324133132.0
008 008 260324s9999 xx 000 0 eng d
020 _a9781315194387
037 _aEBOOK
040 _aCRL
040 _beng
040 _cCRL
041 _2eng
041 _aeng
084 _qCRL
100 _aLindsey Hall
_91191930
245 0 _aSwinburne's Hell and Hick's Universalism
245 0 _bAre We Free to Reject God?
260 _bTaylor and Francis
260 _c2003
365 _a
365 _b160
856 _uhttp://www.taylorfrancis.com/books/9781315194387
942 _cEBOOK
999 _c1790703
_d1790703